Réglements sanitaires pour le poisson et les produits de la pêche. (Record no. 176746)

MARC details
000 -LEADER
campo de control de longitud fija 00925nam a22002295i 4500
001 - NÚMERO DE CONTROL
campo de control 176746
003 - IDENTIFICADOR DE NÚMERO DE CONTROL
campo de control ES-MaACL
005 - FECHA Y HORA DE LA ÚLTIMA TRANSACCIÓN
campo de control 20230906220154.0
008 - DATOS DE LONGITUD FIJA--INFORMACIÓN GENERAL
campo de control de longitud fija 110207s1962 fr |||| | fre d
080 ## - NÚMERO DE LA CLASIFICACIÓN DECIMAL UNIVERSAL
Número de la Clasificación Decimal Universal 351.773:639.2
245 00 - MENCIÓN DEL TÍTULO
Título Réglements sanitaires pour le poisson et les produits de la pêche.
260 ## - PUBLICACIÓN, DISTRIBUCIÓN, ETC.
Lugar de publicación, distribución, etc. [Paris] :
Nombre del editor, distribuidor, etc. l'Organisation de Coopération et de Développement Économiques,
Fecha de publicación, distribución, etc. D. L. 1962.
300 ## - DESCRIPCIÓN FÍSICA
Extensión 202 p. ;
Dimensiones 24 cm.
490 1# - MENCIÓN DE SERIE
Mención de serie Documentation dans l'agriculture et l'alimentation. Série 1962 ;
Designación de volumen o secuencia 51
546 ## - NOTA DE IDIOMA
Nota de lengua/lenguaje Texto en francés.
650 04 - PUNTO DE ACCESO ADICIONAL DE MATERIA--TÉRMINO DE MATERIA
Término de materia o nombre geográfico como elemento de entrada Productos pesqueros-
Subdivisión de forma Legislación.
9 (RLIN) 145061
650 #4 - PUNTO DE ACCESO ADICIONAL DE MATERIA--TÉRMINO DE MATERIA
Término de materia o nombre geográfico como elemento de entrada Alimentos-
Subdivisión general Inspección sanitaria.
9 (RLIN) 145064
710 2# - ENTRADA AGREGADA--NOMBRE DE ENTIDAD CORPORATIVA
Nombre de entidad corporativa o nombre de jurisdicción como elemento de entrada Organización de Cooperación y Desarrollo Económico.
9 (RLIN) 167502
830 0# - PUNTO DE ACCESO ADICIONAL DE SERIE-TÍTULO UNIFORME
Título uniforme Documentation dans l'agriculture et l'alimentation. Série 1962 ;
Designación de volumen o secuencia 51
9 (RLIN) 190220
852 ## - LOCALIZACIÓN
Ubicación ES-MaACL
Número de control de estantería E-14206
Encuadernación Olim P-969-bis
Holdings
Estatus retirado Estado de pérdida Estado de daño No para préstamo Biblioteca de origen Biblioteca actual Ubicación en estantería Fecha de adquisición Fuente de adquisición Total de préstamos Signatura topográfica completa Código de barras Visto por última vez Precio de reemplazo Tipo de ítem Koha
        Biblioteca del Ateneo de Madrid Biblioteca del Ateneo de Madrid Depósito 2 07/02/2011     E-14206 1185638 23/02/2023 23/02/2023 Libro impreso